| 000 | 00737nas a2200253 4500 | ||
|---|---|---|---|
| 001 | BR0400688 | ||
| 003 | BR-BrBNA | ||
| 005 | 20231205104326.0 | ||
| 007 | ta | ||
| 008 | 230509b bl.|||p| |||| 00| 00por d | ||
| 040 |
_aBR-BrBNA _bpor _cBiblioteca Nacional de Agricultura |
||
| 041 | _a(Pt) | ||
| 072 | _aL10; L53 | ||
| 100 | 1 | _aRodrigues, C.F.M. | |
| 245 | 1 | _aMortalidade embrionária/fetal em programas de TE (MOET) | |
| 650 | _aVACA | ||
| 650 | _aEMBRIÃO | ||
| 650 | _aMORTALIDADE | ||
| 650 | _aPRENHEZ | ||
| 650 | _aFETO | ||
| 773 | 0 |
_tRevista Brasileira de Reprodução Animal (Brazil) _xISSN 0102-0803 _g(Apr-Jun 2003), v. 27(2) p. 64-68 _wBR0400688 |
|
| 909 |
_a202311 _bLúcia _c55 _dLúcia Elande |
||
| 942 |
_2AGRIS _n0 _cANA |
||
| 999 |
_c177570 _d177570 |
||